Management des forces de vente <de> l'animation d'équipe à l'évaluation de la performance

Na minha lista:
Detalhes bibliográficos
Autor principal: Leroux, Érick
Formato: Livro
Idioma:francês
Publicado em: Paris Vuibert 2014
Edição:2e éd.
Assuntos:
Tags: Adicionar Tag
Sem tags, seja o primeiro a adicionar uma tag!

MARC

LEADER 00000nam a2200000 4500
001 0235070
005 20240226124456.5
020 |a 978-2-311-01233-0 
041 0 |a fre 
044 |a FR 
245 1 0 |a Management des forces de vente  |b <de> l'animation d'équipe à l'évaluation de la performance  |c Érick Leroux 
250 |a 2e éd. 
264 1 |a Paris  |b Vuibert  |c 2014 
300 |a 202 s. 
610 2 0 |a predaj 
610 2 0 |a riadenie predaja 
610 2 0 |a marketing mix 
610 2 0 |a technológie informačné 
610 2 0 |a technológie komunikačné 
610 2 0 |a kvalita služieb 
610 2 0 |a zákazníci 
610 2 0 |a predajcovia 
100 1 |a Leroux, Érick